| 000 | 00379 a2200121 4500 | ||
|---|---|---|---|
| 020 | _a0812017048 | ||
| 082 | _a510.76 DOD | ||
| 100 | _aDodge, Howard P. | ||
| 245 |
_aHow to Prepare for the college board achievement test, CBAT math, level II _cHoward P. Dodge |
||
| 250 | _a5th ed. | ||
| 260 |
_aNew York : _bBarrons Education Center, _c1994 |
||
| 300 |
_axii, 242p. : _bill ., ; _c28 cm |
||
| 650 | _aMathematics | ||
| 999 |
_c487 _d487 |
||